Statistics for Pitch Perfect Trivia

Click here to take the quiz!

General Stats

  • This quiz has been taken 69 times
  • The average score is 12 of 16

Answer Stats

Pitch Perfect Trivia% Correct
Which actress plays Beca?Anna Kendrick
98%
Which song do the Bella's perform on the bus with Fat Amy at the wheel?Party in the USA
90%
What is the name of the University they all attend?Barden University
89%
What is Fat Amy's real name?Patricia
89%
What movie does Jesse introduce Beca to, which she then watches alone and cries at?The Breakfast Club
89%
Which medical condition does Chloe develop?Nodes
87%
Which item of food does Bumper throw at Fat Amy in a drive-by?Burrito
85%
Which addiction does Cynthia Rose admit to the group?Gambling Addiction
85%
What song do they have to perform for the first audition?Since You've Been Gone
84%
Which snack does Beca say Jesse's room smells of when she goes to apologise?Popcorn
80%
Which DJ is Beca surprised that Chloe knows in the shower?David Guetta
72%
Which Jessie-J song do the Bellas perform in the finals?Price Tag
70%
What are the names of the 2 show hosts?Gail and John
62%
What is Beca's rude, asian roommate called?Kimmy Jin
61%
What did Lilly do to her twin?Ate Her In The Womb
56%
What does Stacie refer to her vagina as?A Hunter
49%

Score Distribution

Percentile by Number Answered

Percent of People with Each Score

Your Score History

You have not taken this quiz